Brazilian Football Championship Winners - Statistics

General Stats
  • This quiz has been taken 127 times
    27 since last reset
  • The average score is 57 of 70
Answer Stats
Year Winner % Correct
2024 Botafogo
88%
1995 Botafogo
88%
1968 Botafogo
88%
2017 Corinthians
88%
2015 Corinthians
88%
2011 Corinthians
88%
2005 Corinthians
88%
1999 Corinthians
88%
1998 Corinthians
88%
1990 Corinthians
88%
2025 Flamengo
88%
2020 Flamengo
88%
2019 Flamengo
88%
2009 Flamengo
88%
1992 Flamengo
88%
1983 Flamengo
88%
1982 Flamengo
88%
1980 Flamengo
88%
2012 Fluminense
88%
2010 Fluminense
88%
1984 Fluminense
88%
1970 Fluminense
88%
2023 Palmeiras
88%
2022 Palmeiras
88%
2018 Palmeiras
88%
2016 Palmeiras
88%
1994 Palmeiras
88%
1993 Palmeiras
88%
1973 Palmeiras
88%
1972 Palmeiras
88%
1969 Palmeiras
88%
1967 Palmeiras
88%
1967 Palmeiras
88%
1960 Palmeiras
88%
2008 São Paulo
88%
2007 São Paulo
88%
2006 São Paulo
88%
1991 São Paulo
88%
1986 São Paulo
88%
1977 São Paulo
88%
2004 Santos
85%
2002 Santos
85%
1968 Santos
85%
1965 Santos
85%
1964 Santos
85%
1963 Santos
85%
1962 Santos
85%
1961 Santos
85%
1996 Grêmio
81%
1981 Grêmio
81%
2014 Cruzeiro
73%
2013 Cruzeiro
73%
2003 Cruzeiro
73%
1966 Cruzeiro
73%
2000 Vasco da Gama
73%
1997 Vasco da Gama
73%
1989 Vasco da Gama
73%
1974 Vasco da Gama
73%
2021 Atlético Mineiro
69%
1971 Atlético Mineiro
69%
1937 Atlético Mineiro
69%
1979 Internacional
69%
1976 Internacional
69%
1975 Internacional
69%
1988 Bahia
65%
1959 Bahia
65%
2001 Athletico Paranaense
54%
1985 Coritiba
46%
1987 Sport
38%
1978 Guarani
35%
No matching quizzes found
Score Distribution
Percent of People with Each Score
Percentile by Number Answered
Your Score History
You have not taken this quiz since the last reset